Представление документа в формате RUSMARC

ПолеНазваниеЗначение
  Тип записи a
  Библиографический уровень a
001 Контрольный номер 671eb3f7a26d4807a6ace3cc7dca5e05
005 Дата корректировки 20260218161318.8
100 Данные общей обработки __
a Данные общей обработки 20260218 ||| 0rusy0189 ca
101 Язык документа 0_
a Язык текста rus
102 Страна публикации __
a Страна публикации RU
200 Заглавие и сведения об ответственности 1_
a Заглавие Лучший из лучших
e Сведения, относящиеся к заглавию [о русском учёном-естествоиспытателе и путешественнике]
g Последующие сведения об ответственности художник Мария Новикова
461 Уровень набора _0
1 2000
a Шишкин лес
463 Уровень физической единицы _0
1 2000
a № 1
v С. 4-5 : ил.
1 2101
d 2026
1 001b1e21e70af774f069bec951648ba564a
600 Персоналии _1
a Персоналии (Фамилия) Семёнов-Тян-Шанский
g Полное имя Пётр Петрович
606 Тематические рубрики 0_
a Основная рубрика Семёнов-Тян-Шанский, Пётр Петрович (1827-1914), о нём
610 Ключевые слова 0_
a Ключевые слова русские путешественники, русские учёные, русские естествоиспытатели, русские исследователи, русские государственные деятели, русские общественные деятели, перепись населения, отмена крепостного права
686 Индексы других классификаций __
a Классификационный индекс 26.8д
801 Источник записи _0
a Страна RU
b Организация УОБДЮ
c Дата составления 20260218
g Правила каталогизации RCR
801 Источник записи _1
a Страна RU
b Организация УОБДЮ
c Дата составления 20260218
g Правила каталогизации RCR
901 Тип документа __
t Тип документа b
w Контрольный № источника b1e21e70af774f069bec951648ba564a
905 Данные по созданию БЗ __
b Логин пользователя, который создал БЗ ibo4
909 Создатель записи __
a Создатель записи Бобылёва И.В.
910 Корректоры записи __
a Корректор записи Бобылёва И.В.